<?xml version="1.0" encoding="UTF-8"?>
<record
    xmlns:xsi="http://www.w3.org/2001/XMLSchema-instance"
    xsi:schemaLocation="http://www.loc.gov/MARC21/slim http://www.loc.gov/standards/marcxml/schema/MARC21slim.xsd"
    xmlns="http://www.loc.gov/MARC21/slim">

  <leader>01535nam a22002297a 4500</leader>
  <controlfield tag="001">114691</controlfield>
  <controlfield tag="003">DR-UNIBE</controlfield>
  <controlfield tag="005">20260528090100.0</controlfield>
  <controlfield tag="008">260527b        |||||||| |||| 00| 0 spa d</controlfield>
  <datafield tag="040" ind1=" " ind2=" ">
    <subfield code="a">BIBLIOTECA UNIBE</subfield>
    <subfield code="c">BIBLIOTECA UNIBE</subfield>
    <subfield code="e">rda</subfield>
  </datafield>
  <datafield tag="041" ind1=" " ind2=" ">
    <subfield code="a">spa</subfield>
  </datafield>
  <datafield tag="082" ind1=" " ind2=" ">
    <subfield code="a">341.24 S161m</subfield>
  </datafield>
  <datafield tag="100" ind1=" " ind2=" ">
    <subfield code="9">205641</subfield>
    <subfield code="a"> Salazar Grande, C&#xE9;sar Ernesto</subfield>
    <subfield code="e">autor</subfield>
  </datafield>
  <datafield tag="245" ind1="1" ind2="0">
    <subfield code="a">Manual de derecho comunitario centroamericano / </subfield>
    <subfield code="c">C&#xE9;sar Ernesto Salazar Grande, Enrique Napole&#xF3;n Ulate Chac&#xF3;n</subfield>
  </datafield>
  <datafield tag="260" ind1=" " ind2=" ">
    <subfield code="a">Managua :</subfield>
    <subfield code="b">Corte Centroamericana de Justicia,</subfield>
    <subfield code="c">2009</subfield>
  </datafield>
  <datafield tag="520" ind1=" " ind2="3">
    <subfield code="a"> La Corte Centroamericana de Justicia que representa la conciencia nacional de Centroam&#xE9;rica y se considera, adem&#xE1;s, depositaria y custodia de los valores que constituyen la nacionalidad centroamericana, tiene dentro de sus competencias la de promover estudios comparados relacionados con el Derecho comunitario y su aplicaci&#xF3;n jurisdiccional. El prop&#xF3;sito fundamental de esta publicaci&#xF3;n, por parte de la Corte, es darle continuidad y contribuir al proceso de la formaci&#xF3;n de los jueces nacionales en las tres &#xE1;reas fundamentales: El Sistema Institucional del SICA, el ordenamiento Jur&#xED;dico comunitario y el sistema jurisdiccional o Derecho procesal comunitario</subfield>
  </datafield>
  <datafield tag="650" ind1=" " ind2="7">
    <subfield code="2">lemb</subfield>
    <subfield code="a">Derecho comunitario </subfield>
    <subfield code="z">Am&#xE9;rica Central</subfield>
    <subfield code="9">205671</subfield>
  </datafield>
  <datafield tag="650" ind1=" " ind2="7">
    <subfield code="2">lemb</subfield>
    <subfield code="a">Derecho internacional </subfield>
    <subfield code="z">Am&#xE9;rica Central</subfield>
    <subfield code="9">205672</subfield>
  </datafield>
  <datafield tag="650" ind1=" " ind2="7">
    <subfield code="2">lemb</subfield>
    <subfield code="a">Tribunales internacionales</subfield>
    <subfield code="z">Am&#xE9;rica Central</subfield>
    <subfield code="9">205673</subfield>
  </datafield>
  <datafield tag="700" ind1=" " ind2=" ">
    <subfield code="a"> Ulate Chac&#xF3;n, Enrique Napole&#xF3;n</subfield>
    <subfield code="9">205642</subfield>
    <subfield code="e">autor</subfield>
  </datafield>
  <datafield tag="942" ind1=" " ind2=" ">
    <subfield code="2">ddc</subfield>
    <subfield code="c">BK</subfield>
  </datafield>
  <datafield tag="999" ind1=" " ind2=" ">
    <subfield code="c">114691</subfield>
    <subfield code="d">114691</subfield>
  </datafield>
  <datafield tag="952" ind1=" " ind2=" ">
    <subfield code="0">0</subfield>
    <subfield code="1">0</subfield>
    <subfield code="2">ddc</subfield>
    <subfield code="7">0</subfield>
    <subfield code="8">GEN</subfield>
    <subfield code="a">Principal</subfield>
    <subfield code="d">2026-02-02</subfield>
    <subfield code="l">0</subfield>
    <subfield code="o">341.24 S161m</subfield>
    <subfield code="p">260303</subfield>
    <subfield code="r">2026-05-28 09:05:51</subfield>
    <subfield code="t">Ej. 1</subfield>
    <subfield code="w">2026-05-28</subfield>
    <subfield code="y">BK</subfield>
  </datafield>
</record>
